000 00994nam a22003497a 4500
001 BR7503202
003 BR-BrBNA
005 20230928084806.0
007 ta
008 230509b bl.||||| |||| 00| 0 por d
040 _aBR-BrBNA
_bpor
_cBiblioteca Nacional de Agricultura
041 _a(Por)
072 _aE15
_b3801
_b3840
_b3871
_b8954
_b/G514
090 _ 3801 BR7503202
110 1 _aSecretaria de Estado da Agricultura, Curitiba, PR (Brasil)
_98811
245 1 _aDiagnostico e prognostico de fertilizantes; corretivos; defensivos; vacinas e racoes [insumo, Parana, Brasil]
260 3 _aCuritiba, PR (Brasil):
_c1975.
300 _a45 p.
500 _a23 tables
650 _aANALISE ECONOMICA
650 _aEXPLORACAO AGRICOLA
650 _aINSUMO
650 _aFERTILIZANTE
650 _aCORRETIVO
650 _aDEFENSIVO
650 _aVACINA
650 _aRACAO
650 _aDEMANDA
650 _aPARANA
909 _a202309
_bLucia
_c55
_dLucia Elande
942 _cBK
999 _c21123
_d21123